Obce okresu Karlovy Vary - Statistics

General Stats
  • This quiz has been taken 13 times
  • The average score is 18 of 55
Answer Stats
Počet obyvatel Odpověď % Correct
49 073 Karlovy Vary
100%
2 304 Jáchymov
78%
4 277 Nová Role
78%
15 681 Ostrov
78%
903 Bečov nad Teplou
67%
1 874 Bochov
67%
255 Boží Dar
67%
841 Kyselka
67%
7 733 Nejdek
67%
2 187 Žlutice
67%
831 Abertamy
56%
583 Pernink
56%
406 Potůčky
56%
402 Andělská Hora
44%
719 Březová
44%
131 Chodov
44%
365 Horní Blatná
44%
2 162 Hroznětín
44%
3 465 Toužim
44%
583 Chyše
33%
1 964 Dalovice
33%
392 Krásné Údolí
33%
871 Merklín
33%
1 041 Otovice
33%
635 Stružná
33%
326 Valeč
33%
924 Kolová
22%
437 Otročín
22%
577 Pila
22%
652 Stanovice
22%
525 Štědrá
22%
580 Útvina
22%
636 Vojkovice
22%
588 Božičany
11%
263 Bražec
11%
465 Děpoltovice
11%
163 Doupovské Hradiště
11%
641 Hájek
11%
459 Hory
11%
345 Krásný Les
11%
347 Nové Hamry
11%
608 Pšov
11%
1 304 Sadov
11%
662 Šemnice
11%
245 Smolné Pece
11%
570 Stráž nad Ohří
11%
102 Teplička
11%
501 Velichov
11%
463 Verušičky
11%
206 Vrbice
11%
349 Vysoká Pec
11%
308 Černava
0%
164 Čichalov
0%
1 124 jenišov
0%
355 Mírová
0%
No matching quizzes found
Score Distribution
Percent of People with Each Score
Percentile by Number Answered
Your Score History
You have not taken this quiz